| 000 | 00745nam a2200241Ia 4500 | ||
|---|---|---|---|
| 001 | dia_4316 | ||
| 003 | CHAP | ||
| 005 | 20251029163710.0 | ||
| 008 | 220117s1990 xx 000 0 und d | ||
| 010 | _a174948 | ||
| 040 |
_cCHAP _amxchpua _erda |
||
| 090 | _aFOLLETO 2842 | ||
| 100 |
_aContreras López, Antelmo _927503 |
||
| 245 |
_aGuía para cultivar arroz en Tabasco / _c Antelmo Contreras López |
||
| 260 |
_aMéxico : _b Instituto nacional de investigaciones forestales y agropecuarias, _c1990 |
||
| 300 | _aS.p. | ||
| 500 | _aD. (Folleto para productores, 6) | ||
| 650 |
_aArroz _97554 |
||
| 901 | _aFOLLETO 2842 | ||
| 902 | _aM | ||
| 905 | _a0000001990 mx 0000000000spa00 | ||
| 942 |
_cFOLL _2local |
||
| 999 |
_c174948 _d174948 |
||